LEADER 01267nam a2200241 i 4500 001 000000198637 003 CaOOAMICUS 005 20110308000000.0 008 110308s1979 it u000 u ita u 013 $a177326 040 $aSeMil$bita 245 10$aOmaggio memore e riconoscente a Don Enrico Bigatti, che, armato unicamente della Croce di Cristo, ha partecipato eroicamente alla Resistenza /$cA cura della Associazione Raggruppamento Brigate del Popolo. 246 04$iTitolo in copertina:$aUn Prete nella Resistenza 260 $a[S.l. :$bs.n.],$c1979. 300 $a16 p. ;$c27 cm. 600 14$aBigatti, Enrico .$0(OLS)http://semarc/subject/37315 700 1 $aAssociazione Raggruppamento Brigate del Popolo .$0(OLS)http://semarc/name/71884 850 $aSeMil 852 $aSeMil$W1$xVenegono$y1$m5D XI 17/10$j149193$B149193$CSeMilBibl$Z2$F160588 $81 961 $aOmaggio: Altro 996 $6245$aOmaggio memore e riconoscente a Don Enrico Bigatti, che, armato unicamente della Croce di Cristo, ha partecipato eroicamente alla Resistenza$9(OLS)http://semarc/title/287083 996 $6246$aUn Prete nella Resistenza$9(OLS)http://semarc/title/287084 996 $6260$a[S.l. :$bs.n.]$9(OLS)http://semarc/publisher/29751 LEADER 01002nam a2200253 i 4500 001 000000204147 003 CaOOAMICUS 005 20110719000000.0 008 110719s1972 it u000 u ita u 013 $a182864 040 $aSeMil$bita 100 1 $aParry, Geraint.$0(OLS)http://semarc/name/73649 240 10$aPolitical élites.$0(OLS)http://semarc/title/295827 245 13$aLe élites politiche /$cGeraint Parry. 260 $aBologna :$bIl Mulino,$ccopyr. 1972. 300 $a222 p. ;$c22 cm. 490 0 $aLa nuova scienza 490 0 $aLa nuova scienza. Serie di scienza politica 830 3$aLa nuova scienza.$0(OLS)http://semarc/title/12150 830 3$aLa nuova scienza. Serie di scienza politica.$0(OLS)http://semarc/title/33943 850 $aSeMil 852 $aSeMil$W1$xVenegono$y1$m3U II 335$j154641$B154641$CSeMilBibl$Z2$F165464 $81 996 $6245$aLe élites politiche$9(OLS)http://semarc/title/295826 996 $6260$aBologna :$bIl Mulino$9(OLS)http://semarc/publisher/29842